|
|
|
|
| LEADER |
00000nam a2200000Ii 4500 |
| 001 |
DIGEDUNAV0049 |
| 003 |
NyNyDIG |
| 006 |
m o d |
| 007 |
cr ||||||||||| |
| 008 |
220606s2007 sp ob 000 0 spa d |
| 035 |
|
|
|a (OCoLC)1333702198
|
| 040 |
|
|
|a DGITA
|b eng
|e rda
|e pn
|c DGITA
|
| 020 |
|
|
|z 9788431324636
|
| 050 |
1 |
4 |
|a BT21.3 ebook
|
| 082 |
0 |
4 |
|a 862.309
|
| 100 |
1 |
|
|a Illanes Maestre, José Luis,
|d 1933-
|e author.
|
| 245 |
1 |
0 |
|a Tratado de teología espiritual /
|c José Luis Illanes.
|
| 264 |
|
1 |
|a Pamplona, España :
|b EUNSA, Ediciones Universidad de Navarra,
|c [2007]
|
| 300 |
|
|
|a 1 online resource.
|
| 336 |
|
|
|a text
|b txt
|2 rdacontent
|
| 337 |
|
|
|a computer
|b c
|2 rdamedia
|
| 338 |
|
|
|a online resource
|b cr
|2 rdacarrier
|
| 347 |
|
|
|a text file
|2 rdaft
|
| 347 |
|
|
|b PDF
|
| 490 |
1 |
|
|a Biblioteca de teología ;
|v 33
|
| 504 |
|
|
|a Includes bibliographical references.
|
| 588 |
0 |
|
|a Online resource; title from PDF title page (Digitalia, viewed June 6, 2022)
|
| 650 |
|
0 |
|a Theology, Doctrinal.
|
| 655 |
|
0 |
|a Electronic books.
|
| 791 |
2 |
|
|a Digitalia (Firm),
|e distributor.
|
| 793 |
0 |
|
|g Digitalia eBook Collection:
|a Ediciones Universidad de Navarra
|
| 776 |
0 |
8 |
|i Print version:
|a Illanes Maestre, José Luis, 1933-
|t Tratado de teología espiritual.
|b Primera edición.
|d Pamplona, España : EUNSA, Ediciones Universidad de Navarra, [2007]
|z 9788431324636
|
| 830 |
|
0 |
|a Biblioteca de teología (Pamplona, Spain)
|
| 856 |
4 |
0 |
|3 Digitalia Hispánica
|u https://www.digitaliapublishing.com/a/51354/
|
| 910 |
|
|
|a Premium collection: 2022
|